<?xml version="1.0" encoding="UTF-8"?>
<record
    xmlns:xsi="http://www.w3.org/2001/XMLSchema-instance"
    xsi:schemaLocation="http://www.loc.gov/MARC21/slim http://www.loc.gov/standards/marcxml/schema/MARC21slim.xsd"
    xmlns="http://www.loc.gov/MARC21/slim">

  <leader>00727na  a2200265   4500</leader>
  <controlfield tag="001">12678</controlfield>
  <controlfield tag="003">MIRAKIL</controlfield>
  <controlfield tag="005">20181213154732.0</controlfield>
  <controlfield tag="008">160811b        tu            000 0      </controlfield>
  <datafield tag="020" ind1=" " ind2=" ">
    <subfield code="a">9789944457071</subfield>
  </datafield>
  <datafield tag="035" ind1=" " ind2=" ">
    <subfield code="a">12678</subfield>
  </datafield>
  <datafield tag="040" ind1=" " ind2=" ">
    <subfield code="a">Milas</subfield>
    <subfield code="b">tur</subfield>
    <subfield code="c">TR-AnCHP</subfield>
  </datafield>
  <datafield tag="082" ind1=" " ind2=" ">
    <subfield code="a">297.1227</subfield>
    <subfield code="b">K86k 2008</subfield>
  </datafield>
  <datafield tag="090" ind1=" " ind2=" ">
    <subfield code="a">297.1227 K86k 2008</subfield>
  </datafield>
  <datafield tag="100" ind1=" " ind2=" ">
    <subfield code="a">Tekin, Ahmet</subfield>
  </datafield>
  <datafield tag="130" ind1=" " ind2=" ">
    <subfield code="a">Kur'an</subfield>
    <subfield code="l">T&#xFC;rk&#xE7;e</subfield>
  </datafield>
  <datafield tag="245" ind1=" " ind2=" ">
    <subfield code="a">Kur'an'&#x131;n anla&#x15F;&#x131;lmas&#x131;na do&#x11F;ru</subfield>
    <subfield code="b">Tefsir&#xEE; meal</subfield>
    <subfield code="c">Ahmet Tekin</subfield>
  </datafield>
  <datafield tag="246" ind1=" " ind2=" ">
    <subfield code="a">Tefsiri meal</subfield>
  </datafield>
  <datafield tag="250" ind1=" " ind2=" ">
    <subfield code="a">7. bs.</subfield>
  </datafield>
  <datafield tag="260" ind1=" " ind2=" ">
    <subfield code="a">&#x130;stanbul</subfield>
    <subfield code="b">Kelam Yay&#x131;nlar&#x131;</subfield>
    <subfield code="c">2008</subfield>
  </datafield>
  <datafield tag="300" ind1=" " ind2=" ">
    <subfield code="a">64, 608 s.</subfield>
    <subfield code="c">23 sm.</subfield>
  </datafield>
  <datafield tag="650" ind1=" " ind2=" ">
    <subfield code="a">Kur'an-&#x131; Kerim</subfield>
    <subfield code="x">Ele&#x15F;tiri ve yorum</subfield>
  </datafield>
  <datafield tag="650" ind1=" " ind2=" ">
    <subfield code="a">Kur'an-&#x131; Kerim </subfield>
    <subfield code="x">Mealler</subfield>
  </datafield>
  <datafield tag="942" ind1=" " ind2=" ">
    <subfield code="2">dcc</subfield>
    <subfield code="c">BKS</subfield>
  </datafield>
  <datafield tag="952" ind1=" " ind2=" ">
    <subfield code="a">0001</subfield>
    <subfield code="b">0001</subfield>
    <subfield code="d">2016-07-31</subfield>
    <subfield code="e">2</subfield>
    <subfield code="l">0</subfield>
    <subfield code="o">297.1227 K86k 2008</subfield>
    <subfield code="p">000406</subfield>
    <subfield code="r">2016-07-31 00:00:00</subfield>
    <subfield code="v">0.00</subfield>
    <subfield code="w">2016-07-31</subfield>
    <subfield code="y">BKS</subfield>
  </datafield>
  <datafield tag="999" ind1=" " ind2=" ">
    <subfield code="c">71</subfield>
    <subfield code="d">71</subfield>
  </datafield>
</record>
